Tarājim al-muʼallifīn al-Tūnisīyīn /
محفوظ في:
المؤلف الرئيسي:
التنسيق: كتاب
اللغة: Arabic
منشور في:
Bayrūt, Lubnān :
Dār al-Gharb al-Islāmī,
1982-1986.
الطبعة: al-Tạbʻah 1.
الموضوعات:
الوسوم: إضافة وسم
لا توجد وسوم, كن أول من يضع وسما على هذه التسجيلة!
رقم الطلب: PJ8244 .M33 v.1-2
| LEADER | 01161nam a2200253Ia 4500 | ||
|---|---|---|---|
| 003 | OSt | ||
| 005 | 20240110140333.0 | ||
| 008 | 130303m19821986le d 000 0cara d | ||
| 952 | |0 0 |1 0 |2 lcc |3 V.1 |4 0 |6 PJ8244 M33 V.00001-00002 |7 1 |9 59242 |a ARCE |b ARCE |d 2024-01-10 |l 0 |o PJ8244 .M33 v.1-2 |p 1031050 |r 2024-01-10 00:00:00 |w 2024-01-10 |y BK | ||
| 952 | |0 0 |1 0 |2 lcc |3 V.2 |4 0 |6 PJ8244 M33 V.00001-00002 |7 1 |9 62849 |a ARCE |b ARCE |d 2024-02-26 |l 0 |o PJ8244 .M33 v.1-2 |p 1032251 |r 2024-02-26 00:00:00 |w 2024-02-26 |y BK | ||
| 999 | |c 24037 |d 24037 | ||
| 040 | |c ARCE Library | ||
| 043 | |a f-ti--- | ||
| 050 | 4 | |a PJ8244 .M33 v.1-2 | |
| 100 | 1 | |6 880-01 |a Maḥfūẓ, Muḥammad, |e author | |
| 245 | 1 | 0 | |6 880-02 |a Tarājim al-muʼallifīn al-Tūnisīyīn / |c Muḥammad Maḥfūẓ. |
| 250 | |a al-Tạbʻah 1. | ||
| 264 | 1 | |a Bayrūt, Lubnān : |b Dār al-Gharb al-Islāmī, |c 1982-1986. | |
| 300 | |a 2 volumes ; |c 25 cm. | ||
| 650 | 0 | |a Authors, Arab |z Tunisia |v Biography |v Dictionaries. | |
| 880 | 1 | |6 100-01/(3/r |a محفوظ، محمد | |
| 880 | 1 | 0 | |6 245-02/(3/r |a تراجم المؤلفين التونسيين |c محمد محفوظ. |
| 901 | |a reviewed | ||
| 942 | |c BK |2 lcc | ||
